000 00807nam0a22002291 4500
001 rc\840069
005 20250622012431.0
035 _a(NLR Aleph) 006021600
090 _a7433791
_c7433791
100 _a20041129d1984 |||y0rusy50 ca
101 0 _arus
102 _aRU
105 _ay |||||||||
200 1 _aМетодика разработки основных направлений развития управлений гражданской авиации
_e(Основные положения)
_fМ-во гражд. авиации
_g[Башун А.В. и др.]
210 _aМ.
_cВоздуш. трансп.
_d1984
215 _a184 с.
_d21
333 _aДСП. Экз. № 7
801 0 _aRU
_bNLR
_gpsbo
801 1 _aRU
_bELAR
_2rusmarc
852 _aNLR
_j86-50К/3369
942 _cBOOK
980 _aNB